000 00914nam1a22002411i 4500
001 v19\rc\1567498
005 20240723081649.0
035 _a(NLR Aleph) 004697609
090 _a4022123
_c4022123
100 _a20061002d1892 |||y0rusy50 ca
101 0 _arus
102 _aRU
105 _ay j |||||
200 1 _aУчебник коммерческой арифметики для реальных, коммерческих и промышленных училищ
_fСост. dr. Гуго Бальг, преп. при Ревел. Петр. реал. уч-ще. Ч. 1-
210 _aРевель
_cФ. Клуге
_dценз. 1892
_gтип. "Ревел. наблюдателя"
215 _d20
700 1 _aБальг
_bГ.
_gГуго
_4220
801 0 _aRU
_bNLR
_gpsbo
801 0 _aRU
_bRuMoRGB
_2psbo
801 1 _aRU
_bProSoft-M
_2rusmarc
852 _aNLR
_j18.188.2.308
899 _aRuMoRGB
_jT 85/866
942 _cBOOK